000 00643nam a2200277Ia 4500
005 20260324145935.0
008 008 260324s9999 xx 000 0 eng d
020 _a9781315013312
037 _aEBOOK
040 _aCRL
040 _beng
040 _cCRL
041 _2eng
041 _aeng
084 _qCRL
100 _aI. R. C. Hirst; W. Duncan Reekie
_91224720
245 4 _aThe Consumer Society
260 _bTaylor and Francis
260 _c1977
365 _a
365 _b99.99
856 _uhttp://www.taylorfrancis.com/books/9781315013312
942 _cEBOOK
999 _c1833345
_d1833345